Oid, mortales : libro de lectura para sexto grado

Gespeichert in:
Bibliographische Detailangaben
1. Verfasser: Estrella Gutiérrez, Fermín, 1900-1990
Weitere Verfasser: Barrio de Estrella Gutiérrez, Josefina
Format: Buch
Sprache:Spanisch
Erschienen: Buenos Aires : 1958.
Ausgabe:3ª ed.
Katalog:BNM:  Suchergebnis im Bibliothekskatalog
Schulbuchspezifische Eigenschaften:
Schlagworte:
Tags: Tag hinzufügen
Keine Tags, Fügen Sie den ersten Tag hinzu!
Hinzugefügt zu:31.12.1999
Geändert in:20.02.2022

MARC

LEADER 00000cam a22000004a 4500
003 AR-BaBNM
005 20220220073442.0
007 ta
008 000101s1958 ag a|||b |||||||||||spa|d
035 |a 000022720 
040 |a AR-BaBNM  |b spa  |e aacr 
080 |a P-6 8 
100 1 |a Estrella Gutiérrez, Fermín,  |d 1900-1990  |9 12168 
245 1 0 |a Oid, mortales :  |b libro de lectura para sexto grado /  |c Fermín Estrella Gutierrez, Josefina Barrio de Estrella Gutiérrez. 
250 |a 3ª ed. 
260 |a Buenos Aires :  |b Kapelusz,  |c 1958. 
300 |a 316 p. :  |b il. 
585 |a Libro expuesto en '200 Años de Textos Escolares en la Escuela Argentina : Bicentenario Educativo' : 2010 y 'Feria Internacional del Libro de Buenos Aires' : 2011. 
650 4 |a Enseñanza de la lectura  |9 7753  |a Enseñanza de la lengua  |9 7754  |a Educación primaria  |9 7632 
655 4 |a Libros de lectura 
700 1 |a Barrio de Estrella Gutiérrez, Josefina  |9 14351 
942 |2 udc  |c LIBRO 
995 |a Expo-FL-2011  |a Expo-Bicentenario-2010 
999 |c 57613  |d 57613 
999 |c KOHA-OAI-TEST:57613  |d 57613